banner-ar

الدفع بعدم القبول ونظامه القانونى فى قانون المرافعات المدنية و التجارية: دراسة تحليلية للفقه و القضاء المصرى والفرنسى / (Record no. 56152)

MARC details
000 -الفاتح
حقل البيانات ثابتة الطول 00798nam a2200193Ia 4500
008 - عناصر البيانات ثابتة الطول - معلومات عامة
حقل البيانات ثابتة الطول 140319s9999 xx 000 0 ara d
040 ## - مصدر الفهرسة
وكالة الفهرسة الأصلية GCL /
وكالة النسخ GCL
082 04 - رقم تصنيف ديوى العشرى
رقم التصنيف 347.05
رقم المادة ن د
100 1# - المدخل الرئيسى - إسم شخصى
الإسم الشخصى يوسف الحسن
245 10 - بيان العنوان
العنوان الدفع بعدم القبول ونظامه القانونى فى قانون المرافعات المدنية و التجارية: دراسة تحليلية للفقه و القضاء المصرى والفرنسى /
بيان المسئوليه,etc يوسف الحسن
260 ## - PUBLICATION, DISTRIBUTION, ETC. (IMPRINT)
تاريخ النشر أو التوزيع 1981
300 ## - الوصف المادى
التعداد 362 ص
490 ## - بيان السلسلة
عنوان السلسلة الكتب القانونية
رقم المجلد/ التعيين التسلسلي 0
650 04 - المدخل الاضافى بالموضوع-مصطلح موضوعى
مصطلح موضوعي القانون
650 04 - المدخل الاضافى بالموضوع-مصطلح موضوعى
مصطلح موضوعي القانون المدنى
650 04 - المدخل الاضافى بالموضوع-مصطلح موضوعى
مصطلح موضوعي القانون التجارى
942 ## - عناصر المدخل الإضافي( كوها)
مصدر التصنيف او مخطط الترفيف Dewey Decimal Classification
Koha [default] item type كتاب
100 1# - المدخل الرئيسى - إسم شخصى
-- Classifier
--
-- …صنف
260 ## - PUBLICATION, DISTRIBUTION, ETC. (IMPRINT)
-- [S.N] :
-- مكتبه النهضه المصريه ،
Holdings
حالة التراجع حالة الفقد حالة تلف ليس للاعارة المكان المؤقت الموقع الحالى تاريخ الاكتساب اجمالي اﻻعارات رقم الطلب الباركود تاريخ اخر مشاهدة تاريخ تفعيل السعر نوع وعاء كوها
        مكتبة القاهرة الكبرى مكتبة القاهرة الكبرى 03/26/2014   347.05\ن د 134664 03/26/2014 03/26/2014 كتاب

Powered By

EGPV